GLOSSARY OF INDIAN MEDINICAL PLANTS (Record no. 12034)
[ view plain ]
| 000 -LEADER | |
|---|---|
| fixed length control field | 00411nam a22001697a 4500 |
| 003 - CONTROL NUMBER IDENTIFIER | |
| control field | OSt |
| 008 - FIXED-LENGTH DATA ELEMENTS--GENERAL INFORMATION | |
| fixed length control field | 230512b |||||||| |||| 00| 0 eng d |
| 020 ## - INTERNATIONAL STANDARD BOOK NUMBER | |
| International Standard Book Number | 81-7236-126-2 |
| 100 ## - MAIN ENTRY--PERSONAL NAME | |
| Personal name | CHOPRA,R.N |
| 245 ## - TITLE STATEMENT | |
| Title | GLOSSARY OF INDIAN MEDINICAL PLANTS |
| 250 ## - EDITION STATEMENT | |
| Edition statement | 8th Repriented 2009 |
| 260 ## - PUBLICATION, DISTRIBUTION, ETC. (IMPRINT) | |
| Place of publication, distribution, etc | N.Delhi |
| Name of publisher, distributor, etc | NISCAIR |
| 300 ## - PHYSICAL DESCRIPTION | |
| Extent | xx,329 |
| 650 ## - SUBJECT ADDED ENTRY--TOPICAL TERM | |
| Topical term or geographic name as entry element | PHARMACOGNOSY |
| 700 ## - ADDED ENTRY--PERSONAL NAME | |
| Personal name | Nayar & Chopra |
| 942 ## - ADDED ENTRY ELEMENTS (KOHA) | |
| Source of classification or shelving scheme | Dewey Decimal Classification |
| Koha item type | Reference Books |
| Withdrawn status | Lost status | Source of classification or shelving scheme | Damaged status | Not for loan | Collection code | Home library | Current library | Date acquired | Source of acquisition | Currency | Cost, normal purchase price | Bill Number | Total Checkouts | Full call number | Acc. no. / Barcode | Date last seen | Actual Cost, discounted price | Bill Date | Koha item type |
|---|---|---|---|---|---|---|---|---|---|---|---|---|---|---|---|---|---|---|---|
| Dewey Decimal Classification | B.Pharma | PIET C-LIBRARY | PIET C-LIBRARY | 12/05/2023 | Sangam Book Depot | RUPEES | 300.00 | IN-00023 | 581.634 CHG | BP2107 | 12/05/2023 | 270.00 | 01/05/2023 | Reference Books |